Central Library OPAC University of Rajshahi

The Ottoman impact on Europe / (Record no. 56221)

MARC details
000 -LEADER
fixed length control field 00615nam a2200217 a 4500
001 - CONTROL NUMBER
control field 56221
003 - CONTROL NUMBER IDENTIFIER
rucl marc code BD-RjUL
005 - DATE AND TIME OF LATEST TRANSACTION
control field 20211209080353.0
008 - FIXED-LENGTH DATA ELEMENTS--GENERAL INFORMATION
fixed length control field 161127s1968 enkabch b 000 0 eng
035 ## - SYSTEM CONTROL NUMBER
System control number (BD-RjUL)56345
040 ## - CATALOGING SOURCE
Original cataloging agency DLC
Transcribing agency DLC
Modifying agency BD-RjU
Language of cataloging eng
041 ## - LANGUAGE CODE
Language code of text/sound track or separate title eng
082 00 - DEWEY DECIMAL CLASSIFICATION NUMBER
Classification number 956.101
Edition number 23
Author mark and year COO 1968
100 1# - MAIN ENTRY--PERSONAL NAME
Personal name Coles, Paul.
9 (RLIN) 167295
245 14 - TITLE STATEMENT
Title The Ottoman impact on Europe /
Statement of responsibility, etc. Paul Coles
260 ## - PUBLICATION, DISTRIBUTION, ETC. (IMPRINT)
Place of publication, distribution, etc. London :
Name of publisher, distributor, etc. Thames and Hudson,
Date of publication, distribution, etc. 1968
300 ## - PHYSICAL DESCRIPTION
Pagination 216 p. :
Illustrations ill ;
Size 22 cm.
651 #0 - SUBJECT ADDED ENTRY--GEOGRAPHIC NAME
Geographic name Turkey
General subdivision History
Chronological subdivision To 1453.
9 (RLIN) 167296
Geographic name Turkey
General subdivision History
Chronological subdivision 1453-1683.
9 (RLIN) 167297
942 ## - ADDED ENTRY ELEMENTS (KOHA)
Source of classification or shelving scheme Dewey Decimal Classification
Koha item type Books
Holdings
Lost status Source of classification or shelving scheme Damaged status Not for loan Collection code Permanent Location Current Location Shelving location Date acquired Source of acquisition Cost, normal purchase price Total Checkouts Full call number Date last seen Copy number Koha item type
  Dewey Decimal Classification     Non-fiction Central Library, University of Rajshahi Central Library, University of Rajshahi   27/08/1971 Paramount book ,Dhaka 13.50   956.101 COO 1968 27/11/2016 C-2 Books